Which European Country Colonized Which in Africa? - Statistics

General Stats
  • This quiz has been taken 75 times
  • The average score is 54 of 55
Answer Stats
Hint Answer % Correct
Egypt UK
100%
Sudan UK
100%
Somaliland (Disputed) UK
100%
South Sudan UK
100%
Nigeria UK
100%
Ghana UK
100%
Sierra Leone UK
100%
Gambia UK
100%
Uganda UK
100%
Kenya UK
100%
Malawi UK
100%
South Africa UK
100%
Lesotho UK
100%
Eswatini UK
100%
Zimbabwe UK
100%
Botswana UK
100%
Zambia UK
100%
Seychelles UK
100%
Mauritius UK
100%
Tunisia France
99%
Algeria France
99%
Morocco France
99%
Mauritania France
99%
Mali France
99%
Burkina Faso France
99%
Niger France
99%
Chad France
99%
Djibouti France
99%
Central African Republic France
99%
Benin France
99%
Ivory Coast (Côte d'Ivoire) France
99%
Guinea France
99%
Senegal France
99%
Gabon France
99%
Republic of the Congo France
99%
Madagascar France
99%
Comoros France
99%
Guinea Bissau Portugal
99%
Cabo Verde (Cape Verde) Portugal
99%
Mozambique Portugal
99%
Angola Portugal
99%
Sao Tome & Principe Portugal
99%
Western Sahara (Disputed) Spain
99%
Equatorial Guinea Spain
99%
Cameroon Germany
96%
Togo Germany
96%
Tanzania Germany
96%
Burundi Germany
96%
Rwanda Germany
96%
Namibia Germany
96%
Libya Italy
96%
Eritrea Italy
96%
Somalia Italy
96%
Democratic Republic of the Congo Belgium
94%
Was Ethiopia and Liberia included (to be colonized) in the Berlin Conference? No
84%
No matching quizzes found
Score Distribution
Percent of People with Each Score
Percentile by Number Answered
Your Score History
You have not taken this quiz